000 03104nam a22003617a 4500
005 2009121507187.0
010 _aB-370232-240 B-444626
020 _c80.00
_a9788179915172
035 _aB-370232-240 B-444626
037 _bPopular Parakashan
037 _bBlue Berry/Ven
082 _a531.113
100 _aPlummer, Todd
_937515
245 _aEureka! I've discovered force:
_bmeet the people who revealed the wonders of force! /
_cby Todd Plummer ; illustrated by Amit Tayal...[et al].
260 _bPopular Prakashan
_c2009
_aMumbai
270 _a301, Mahalaxmi, 22, Bhulabhai Desai Road,
_bMumbai
_e400026
300 _a32p.:
_bcol. ill.
_c28cm(pbk)
490 _aBrainworks a kangaroo kids initiative series; edited by Jessica Cohn
_937516
500 _aIncludes glossary and index
942 _2ddc
_cCH
_mPLU
_h531.113
999 _c32900
_d32900